000 00676nam a2200253Ia 4500
001 8059
005 20240113234048.0
007 ta
008 050715s1998 a g b000 u eng u
020 _a81-219-0460-9
_cRs. 90.00
040 _aCotton College Assam
041 _aeng
082 _a580
_bPa 192 Mo
100 _aPandey, B.P. .
245 0 _aModern Practical Botany Vol. 1 /
_cB.P. Pandey.
_hTextual Documents
250 _a1st ed /
260 _aNew Delhi :
_bS. Chand & Company ,
_c1998.
300 _a382p. :
_bill ;
_c24cm. .
365 _aRs. 90.00
653 _aBotany
942 _2ddc
_cBK
999 _c8046
_d8046